000 00469nam a2200169 4500
001 126325
003 ES-MaACL
005 20230906192811.0
007 t|
008 070214s1973 sp r ||||1| spa d
100 1 _aRecio Beladiez, Andrés.
_995767
245 1 3 _aEl aborto de Juana Zacarías /
_cAndrés Recio Beladiez.
250 _a1ª. ed.
260 _aBarcelona :
_bSeix Barral,
_c1973.
300 _a184 p. ;
_c20 cm.
852 _aES-MaACL
_jC-53467
_bR.86428
999 _c126325
_d126325